000 00315nam a22001337a 4500
008 180927b xxu||||| |||| 00| 0 eng d
020 _a9780789019363
041 _aeng
080 _a316
100 _a50
101 _aSOC
245 _aWomen with Visible and Invisible Disabilities
_cBanks, M.E
942 _2udc
_cBK
999 _c48620
_d48620